00313 a2200109 4500001000700000020000600007040001100013100001700024240007900041245007400120362000900194168344 a  cMagnum aAchath, Sati10aTeatrinho de sombras: criando com as maos um mundo de historias e ...lpor10aTeatrinho de sombras: criando com as maos um mundo de historias e ...0 a1899